| Tag |
First Indicator |
Second Indicator |
Subfields |
| LEADER |
00000cam a2200000 a 4500 |
| 001 |
in00000923313 |
| 005 |
20150924162924.0 |
| 008 |
890816s1990 mauab b 00100 eng |
| 010 |
|
|
|a 89020047
|
| 020 |
|
|
|a 0049170090 (hb)
|
| 020 |
|
|
|a 0049170104 (pb)
|
| 035 |
|
|
|a (OCoLC)20318208
|
| 035 |
|
|
|9 AEP6608AM
|
| 040 |
|
|
|a DLC
|c DLC
|d TXA
|d UtOrBLW
|
| 043 |
|
|
|a n------
|
| 049 |
|
|
|a TXAM
|c [A13327997]
|
| 050 |
0 |
0 |
|a GF501
|b .M35 1990
|
| 082 |
0 |
0 |
|a 304.2/097
|2 20
|
| 245 |
0 |
4 |
|a The Making of the American landscape /
|c edited by Michael P. Conzen.
|
| 264 |
|
1 |
|a Boston :
|b Unwin Hyman,
|c 1990.
|
| 300 |
|
|
|a xvi, 433 pages :
|b illustrations, maps ;
|c 26 cm.
|
| 336 |
|
|
|a text
|b txt
|2 rdacontent
|
| 337 |
|
|
|a unmediated
|b n
|2 rdamedia
|
| 338 |
|
|
|a volume
|b nc
|2 rdacarrier
|
| 504 |
|
|
|a Includes bibliographical references (pages 377-423) and index.
|
| 650 |
|
0 |
|a Human geography
|z North America.
|
| 650 |
|
0 |
|a Nature
|x Effect of human beings on
|z North America.
|
| 650 |
|
0 |
|a Landscape changes
|z North America.
|
| 700 |
1 |
|
|a Conzen, Michael P.
|
| 999 |
|
|
|a MARS
|
| 999 |
f |
f |
|s f594d805-b310-3c0b-9206-4c713d85d708
|i 5628aa4b-6648-3ff4-a4db-652ff0273768
|t 0
|
| 952 |
f |
f |
|p normal
|a Texas A&M University
|b College Station
|c Sterling C. Evans Library
|d Evans: Library Stacks
|t 0
|e GF501 .M35 1990
|h Library of Congress classification
|i unmediated -- volume
|m A14813327997
|
| 998 |
f |
f |
|a GF501 .M35 1990
|t 0
|l Evans: Library Stacks
|